[Event "KAZ-ch Men 2017"]
[Site "Almaty"]
[Date "2017.04.20"]
[Round "10"]
[White "Saiyn, Zhanat"]
[Black "Kazhgaleyev, Murtas"]
[Result "1/2-1/2"]
[WhiteElo "2395"]
[BlackElo "2594"]
[Annotator "TA"]
[PlyCount "70"]
[EventDate "2017.??.??"]
[EventType "tourn"]
[EventCountry "KAZ"]
[SourceTitle "playchess.com"]
[Source "ChessBase"]
[SourceQuality "1"]

{[%evp 2,2,61]} 1. d4 d6 2. Nf3 $146 (2. e4 Nf6 3. Bd3 e5 4. d5 Be7 5. c4 O-O 6. Nc3 a5 7. Nge2 Na6 8. Ng3 c6 9. O-O Nc5 10. Bc2 Bd7 11. Be3 Qc8 12. Bxc5 dxc5 13. d6 Bd8 14. f4 {½-½ (62) Garcia Palermo,C (2465)-Sebenik,M (2502) Olbia 2008}) 2... f5 3. Nc3 Nf6 4. Bg5 Nbd7 5. Qd3 g6 {A80: Dutch Defence: Unusual White second moves} 6. e4 (6. h3 Bg7 7. g4 Nb6 8. O-O-O O-O 9. Bxf6 exf6 10. Rg1 d5 11. e3 c6 12. g5 Nc4 13. h4 {1-0 (44) Cordova,E (2655)-Fedoseev,V (2658) Saint Louis 2017}) 6... fxe4 7. Nxe4 Bg7 8. Nxf6+ exf6 9. Be3 $146 (9. Qe4+ Qe7 10. Qxe7+ Kxe7 11. Bd2 Nb6 12. O-O-O Bg4 13. Be2 {1-0 (59) Moreno Ruiz,J (2470)-Rabadan Velasco,R (2280) Madrid 2014}) 9... Nb6 10. Qb3 d5 11. Bd3 Be6 12. h4 Qd7 13. Nd2 O-O-O 14. a4 Qf7 15. Qc3 Nc4 16. Bf4 h6 17. b3 Nd6 18. O-O-O Kb8 19. Rde1 g5 20. Bg3 Rhe8 21. hxg5 hxg5 22. Re2 Bg4 23. f3 Rxe2 24. Bxe2 Bc8 25. Bd3 f5 26. Be5 Bxe5 27. dxe5 Qg7 28. Nb1 Nf7 29. e6 d4 30. Qb4 Nd6 31. Na3 Bxe6 32. Nb5 Nxb5 33. axb5 Qf6 34. Re1 f4 35. Qc5 g4 1/2-1/2

[Event "KAZ-ch Men 2017"]
[Site "Almaty"]
[Date "2017.04.20"]
[Round "10"]
[White "Makhnyov, Denis"]
[Black "Akhmetov, Ayan"]
[Result "1/2-1/2"]
[WhiteElo "2379"]
[BlackElo "2311"]
[Annotator "TA"]
[PlyCount "22"]
[EventDate "2017.??.??"]
[EventType "tourn"]
[EventCountry "KAZ"]
[SourceTitle "playchess.com"]
[Source "ChessBase"]
[SourceQuality "1"]

{[%evp 5,22,39,48,33,53,44,51,58,49,47,46,45,45,45,45,50,45,46,52]} 1. Nf3 d6 2. d4 Bg4 3. Nbd2 Nd7 {White is slightly better.} 4. c3 {A41: 1 d4 d6: Tartakower System and Modern Defence} (4. h3 Bh5 5. g4 Bg6 6. Bg2 c6 7. e4 e5 8. c3 Qc7 9. Nh4 Be7 10. Nf5 Bxf5 11. exf5 d5 12. O-O h5 {1-0 (29) Laznicka,V (2666)-Plat,V (2496) Prague 2016}) 4... c6 5. h3 Bxf3 6. Nxf3 Ngf6 7. Bf4 g6 8. e3 $146 (8. Qc2 d5 9. Nd2 Bg7 10. e4 dxe4 11. Nxe4 Nxe4 12. Qxe4 {½-½ (33) Bodnar,Z (2195)-Mihalik,A (2199) Hungary 2011}) 8... Bg7 9. Bc4 O-O 10. O-O Qe8 11. Bh2 e5 1/2-1/2

[Event "KAZ-ch Men 2017"]
[Site "Almaty"]
[Date "2017.04.20"]
[Round "10"]
[White "Nugumanov, Bakhtiyar"]
[Black "Saduakassova, Dinara"]
[Result "1/2-1/2"]
[WhiteElo "2350"]
[BlackElo "2449"]
[Annotator "TA"]
[PlyCount "109"]
[EventDate "2017.??.??"]
[EventType "tourn"]
[EventCountry "KAZ"]
[SourceTitle "playchess.com"]
[Source "ChessBase"]
[SourceQuality "1"]

{[%evp 8,109,18,18,30,23,39,40,37,25,31,38,41,41,46,38,53,-25,-18,-18,-18,-22,-14,-36,-41,-35,-31,-111,-111,-144,-127,-135,-129,-108,-85,-95,-87,-90,-88,-125,-70,-70,-21,-41,-42,-60,-50,-38,-35,-22,-33,-53,-42,-56,0,0,0,0,0,0,0,0,19,-10,-10,-11,-10,-14,-15,-13,175,163,202,114,153,156,247,271,249,232,281,285,278,269,261,175,180,18,18,0,0,0,0,0,0,0,0,0,0,0,0,0,0,0]} 1. Nf3 e6 2. g3 b5 3. Bg2 Bb7 4. O-O Nf6 5. d3 {LiveBook: 517 Games} d6 {A05: Réti Opening: 1 Nf3 Nf6} 6. c3 Nbd7 7. a4 a6 {White is slightly better.} 8. Na3 c5 $146 (8... c6 9. Bd2 d5 10. b4 Be7 11. Nd4 bxa4 12. Qxa4 a5 13. b5 {1-0 (46) Roiz,M (2659)-Aleksandrov,A (2582) Plovdiv 2008}) 9. axb5 axb5 10. Bg5 Bc6 11. Nd2 d5 12. c4 (12. e4 $14) 12... bxc4 $11 13. dxc4 Be7 14. cxd5 exd5 15. Ndc4 O-O 16. Ne3 Re8 17. Qc2 (17. Qd3 $15) 17... Qb6 18. Rac1 h6 19. Bxf6 Nxf6 (19... Bxf6 20. Nxd5 (20. Bxd5 Bxd5 21. Nxd5 Qxb2 $14) 20... Qxb2 21. Nc4 (21. Nxf6+ Qxf6 22. Bxc6 Qxc6 $11) 21... Qxc2 22. Rxc2 (22. Nxf6+ Nxf6 23. Rxc2 Ba4 $14) 22... Bxd5 23. Bxd5 $14) 20. Nb1 Qb7 21. Nd2 Rab8 22. b3 Bf8 23. Rfe1 Qb6 (23... h5 $17 24. Qf5 Re6) 24. Nd1 $15 {[%cal Be3d1,Bd1b2,Bb2d3,Bd3f4][%mdl 32]} d4 25. Bxc6 Qxc6 26. Nb2 Qd5 27. Nd3 Qh5 28. Nf4 Qg4 29. Qd1 Bd6 30. Nd3 Nd5 (30... Qh3 $15) 31. e4 $1 $11 Qg6 32. exd5 {[#] And now Rxe8+ would win.} Qxd3 33. Rxe8+ Rxe8 34. Nc4 Qg6 35. b4 Bf4 36. Rb1 (36. bxc5 $2 Bxc1 37. Qxc1 Re2 $19) 36... d3 {Hoping for ...d2!} 37. Rb3 (37. bxc5 d2 38. Nxd2 (38. Qf1 $2 Qxb1 39. Nxd2 Qb4 $19) 38... Bxd2 $15) 37... cxb4 38. Qxd3 (38. Rxb4 $2 Re2 39. Nb2 Bd2 40. Rb8+ Kh7 $19) 38... Qg4 $2 (38... Qxd3 $11 39. Rxd3 Rc8) 39. Kg2 $36 {[%mdl 2048] White is on the roll.} h5 ({Don't take} 39... Re1 $2 40. h3 Qd1 41. Qxd1 (41. gxf4 Rg1+ 42. Kh2 Qe1 $15) 41... Rxd1 42. gxf4 $18) 40. Qf3 (40. h3 $18 Qg5 41. h4 (41. Rxb4 h4 42. d6 hxg3 43. fxg3 Rc8 $16)) 40... Rc8 41. Rxb4 ({Weaker is} 41. Qxf4 Qxf4 42. gxf4 Rxc4 $17) 41... Qxf3+ (41... Bg5 $16) 42. Kxf3 $16 {[%mdl 4096] Endgame KRB-KRN} Bg5 43. d6 {[%cal Bd5d6,Bd6d7][%mdl 32]} f5 44. d7 Rd8 45. Rb7 Kf7 46. Rb5 Ke6 {[#]} 47. Nb6 $2 (47. Re5+ $1 $18 Kf6 48. h4) 47... Rb8 $11 {aiming for ...Bd8.The position is equal.} 48. Rb1 Kf7 $1 {Strongly threatening ...Bd8.} 49. Rb4 Be7 50. Rb2 Bf6 51. Rb4 Be7 52. Rb5 g6 53. Rb2 Bf6 54. Rb4 Be7 55. Rb2 1/2-1/2

[Event "KAZ-ch Men 2017"]
[Site "Almaty"]
[Date "2017.04.21"]
[Round "11"]
[White "Rinat, Jumabayev"]
[Black "Bakhtiyar, Nugumanov"]
[Result "1-0"]
[WhiteElo "2614"]
[BlackElo "2350"]
[Annotator "TA"]
[PlyCount "115"]
[EventDate "2017.??.??"]
[EventType "tourn"]
[EventCountry "KAZ"]
[SourceTitle "playchess.com"]
[Source "ChessBase"]
[SourceQuality "1"]

{[%evp 17,115,24,20,2,12,-16,17,15,15,7,14,23,31,-17,-34,-24,32,46,38,25,53,28,61,47,60,15,166,150,165,173,172,156,164,167,245,139,155,24,185,155,193,180,356,346,364,368,419,409,468,487,693,437,603,582,531,512,1352,460,1092,502,497,487,431,401,412,420,406,401,372,372,377,367,547,554,558,562,558,497,513,439,732,487,525,539,500,467,1238,603,579,552,711,691,1025,745,995,906,1133,868,6751,6779]} 1. Nf3 e6 2. g3 d5 3. Bg2 Nf6 4. O-O Be7 5. c4 O-O 6. d4 c6 7. Qc2 b6 8. Rd1 Ba6 9. b3 Nbd7 10. Ba3 {E08: Closed Catalan: Main Line: 7 Qc2} (10. Bf4 Rc8 11. Nc3 Nh5 12. Bc1 Nhf6 13. Bf4 h6 14. e4 dxc4 15. Nd2 b5 16. bxc4 bxc4 17. Bf1 Nb6 18. a4 g5 19. Be3 Ng4 20. a5 Nxe3 21. fxe3 Nd7 22. Bxc4 Bb5 {0-1 (63) Wojtaszek,R (2749)-Karjakin,S (2785) Doha 2016}) 10... Rc8 11. e3 $146 (11. Bxe7 Qxe7 12. Nbd2 c5 13. dxc5 Nxc5 14. Qb2 dxc4 15. Nxc4 Bxc4 16. bxc4 Nfe4 17. Qa3 Qc7 {1-0 (48) Denishev,M (2275)-Oganyan,A (2282) Sochi 2015}) 11... Ne4 12. Bxe7 {The position is equal.} Qxe7 13. Nc3 {[%cal Bb1c3,Bc3a2,Ba2b4][%mdl 32]} f5 14. a4 {[%cal Ba2a4,Ba4a5][%mdl 32]} g5 15. a5 {Black must now prevent axb6.} b5 $1 16. c5 e5 (16... b4 $11 17. Na2 (17. Nxe4 fxe4 18. Ne1 Rf6 $15) 17... Rb8) 17. Na2 $36 {[%mdl 2048] White has the initiative.} Rc7 18. Nb4 Bc8 19. Re1 h5 20. Nd3 {[%cal Rf3e5]} exd4 21. exd4 f4 $2 (21... Qf6 $11 {and Black has nothing to worry.}) 22. Nd2 $1 $18 Qg7 23. Nxe4 dxe4 24. Rxe4 Nf6 {[#]} 25. Ree1 $1 fxg3 (25... Ng4 {might work better.}) 26. hxg3 ({White has to play} 26. fxg3 $18 {aiming for Ne5.} Ng4 27. Ne5) 26... Ng4 27. d5 (27. Ne5 $16) 27... cxd5 $2 (27... h4 $1 $11 28. d6 (28. dxc6 hxg3 29. Rad1 Nxf2 $19) 28... Rcf7) 28. Bxd5+ Kh8 {[#]} 29. Rac1 $1 {[%cal Ba1c1,Bc1c2,Bc2d2,Bd2d4][%mdl 32]} ({Don't take} 29. c6 $6 Bf5 $14) 29... b4 $2 (29... h4) 30. c6 h4 31. Qc5 hxg3 32. fxg3 Qh6 {[%csl Gg4][%cal Rh6h2]} 33. Rc2 Rh7 (33... Qf6 $142 34. Rce2 Qh6) 34. Qd4+ Rg7 35. Ne5 Qf6 36. Rd2 Qd6 (36... Nxe5 $142 37. Qxe5 Qxe5 38. Rxe5 Bh3) 37. Bg2 (37. Kg2 $142 Nh6 38. Rh1) 37... Qe6 (37... Qxd4+ $142 38. Rxd4 Nxe5) 38. Qxg4 (38. Qxb4 $142 Nxe5 39. Qxf8+ Rg8 40. Qf2) 38... Qxg4 39. Nxg4 Bxg4 40. Rc1 Rc7 41. Rd4 Bc8 42. Rxb4 Kg7 43. Rd4 Re8 44. b4 {[%cal Bb3b4,Bb4b5][%mdl 32]} Re3 (44... a6 {was necessary.} 45. Rc5 Kf6 46. Rd6+ Re6) 45. b5 {White is clearly winning.} Rb3 46. Rd5 g4 47. Rg5+ Kf6 48. Rgc5 Be6 (48... Re7 $142 49. Rf1+ Kg6) 49. R1c3 Rb2 50. Rc2 Rb1+ 51. Kf2 Bb3 (51... Rb4 $142 52. Bf1 Bf5) 52. Rc1 (52. b6 $142 axb6 53. axb6) 52... Rb2+ 53. Kg1 {Strongly threatening b6.} Ba4 54. Bf1 Ke6 55. Rg5 Kd6 56. Rg6+ Ke5 57. Rxg4 Bd1 58. Rxd1 1-0

[Event "KAZ-ch Men 2017"]
[Site "Almaty"]
[Date "2017.04.21"]
[Round "11"]
[White "Murtas, Kazhgaleyev"]
[Black "Petr, Kostenko"]
[Result "1-0"]
[WhiteElo "2594"]
[BlackElo "2440"]
[Annotator "TA"]
[PlyCount "99"]
[EventDate "2017.??.??"]
[EventType "tourn"]
[EventCountry "KAZ"]
[SourceTitle "playchess.com"]
[Source "ChessBase"]
[SourceQuality "1"]

{[%evp 11,99,1,16,2,13,10,18,0,0,0,0,0,-5,-19,-12,-23,20,17,18,13,27,-22,-25,-22,-20,-21,0,0,0,-6,0,-10,-17,-24,-15,-20,-12,-33,0,0,0,-139,0,-20,-11,-10,-8,-11,-16,-28,-31,-35,0,0,0,-33,-15,-12,157,153,171,161,205,207,207,205,212,212,225,218,222,208,209,208,210,213,212,212,215,211,207,205,213,226,646,647,672,672,904,901]} 1. d4 e6 2. c4 d5 3. Nc3 c6 4. cxd5 exd5 5. Qc2 Na6 6. Bf4 Nf6 7. a3 {D35: Queen's Gambit Declined: Exchange Variation} (7. e3 Nb4 8. Qd2 Bf5 9. Rc1 Ne4 10. Nxe4 dxe4 11. a3 Nd5 12. Be5 h5 13. h3 Qg5 14. Ne2 Be7 {0-1 (42) Khodashenas,M (2393)-Bocharov,D (2567) Mashhad 2016}) 7... g6 8. e3 $146 (8. e4 Nc7 9. e5 Ne6 10. Bc1 Nxd4 11. Qd1 Ne4 12. Qxd4 Bc5 13. Qa4 Nxf2 {0-1 (35) Poliak,E-Baranov,B Leningrad 1953}) 8... Bf5 9. Qd2 {The position is equal.} Nc7 10. h3 Bd6 11. Bxd6 Qxd6 12. Nge2 h5 13. Ng3 Bd7 14. Bd3 h4 15. Nge2 O-O-O 16. f3 Nh5 17. O-O-O Ne6 18. Kb1 f5 19. Rhe1 Kb8 20. Bc2 Bc8 21. Ka1 Rhf8 22. Bb3 Qh2 23. Nc1 g5 24. Nd3 f4 25. e4 $1 {[%cal Re4d5]} Nxd4 26. Ba2 {[#]} (26. Ba4 $1 $11) 26... Bxh3 (26... dxe4 $1 $17 27. Nxe4 {[#]} Bxh3 $1 {[%mdl 512]} 28. gxh3 Qxd2 29. Nxd2 Nc2+ 30. Kb1 Nxe1 31. Nxe1 Ng3) 27. Qf2 (27. Nc5 $5 {feels hotter.} dxe4 28. Nd5 Nb5 29. Qb4 Qxg2 30. Qxe4 Bc8 31. Ne7) 27... dxe4 $1 (27... Qxg2 $2 28. Qxd4 dxe4 29. Qxe4 $18) 28. Rxe4 Qxg2 {Strongly threatening ...Nc2+.} (28... Bxg2 $2 29. Rxd4 Rxd4 30. Qxd4 $18) 29. Rxd4 Qxf2 $1 30. Nxf2 Rxd4 31. Rxd4 Bg2 32. Nce4 h3 33. Rd6 h2 (33... Bxf3 34. Nxg5 Bg2 35. Rh6 $16 (35. Nfxh3 Bxh3 36. Nxh3 f3 $16)) 34. Rh6 Bxf3 $2 (34... Re8 $11 35. Be6 (35. Rxh5 Bxf3 36. Rxh2 Bxe4 $15) 35... h1=Q+ 36. Nxh1 Bxh1) 35. Nxg5 $16 Be2 36. Bf7 Ng3 37. Ne6 Rc8 38. Nxf4 Bf3 39. Rxh2 {Rh3 is the strong threat.} Ne4 40. N2d3 Ng5 41. Bb3 Re8 42. Ka2 Re7 43. Rh8+ Kc7 44. Rg8 Ne4 45. Ng6 Rh7 46. Nge5 Be2 47. Nf4 Ba6 $2 (47... Rh2 48. Rg7+ Kd6 49. Nf7+ (49. Rxb7 Kxe5 50. Nxe2 Rxe2 $16) 49... Kc5) 48. Bc2 $18 {White is clearly winning.} Kd6 49. Bxe4 Kxe5 50. Re8+ 1-0

[Event "KAZ-ch Men 2017"]
[Site "Almaty"]
[Date "2017.04.21"]
[Round "11"]
[White "Azamat, Utegaliyev"]
[Black "Zhanat, Saiyn"]
[Result "1-0"]
[WhiteElo "2516"]
[BlackElo "2395"]
[Annotator "TA"]
[PlyCount "38"]
[EventDate "2017.??.??"]
[EventType "tourn"]
[EventCountry "KAZ"]
[SourceTitle "playchess.com"]
[Source "ChessBase"]
[SourceQuality "1"]

{[%evp 13,38,0,0,-3,15,9,39,34,49,41,89,11,108,63,71,43,38,41,192,181,663,662,652,620,1146,1137,1130]} 1. e4 g6 2. Nc3 d6 3. g3 Bg7 4. Bg2 e5 5. Nge2 Nf6 6. O-O O-O 7. d3 c6 8. f4 {B06: Modern Defence} (8. h3 Nbd7 9. Kh2 Nc5 {½-½ (9) Jovanovic,Z (2560)-Medak,B (2415) Babina Greda 2014}) 8... Qb6+ 9. Kh1 $1 Ng4 10. Qe1 {White is slightly better.} f5 $146 (10... Na6 11. h3 Nh6 12. Be3 Qxe3 13. d4 Nb4 14. Rf3 Qxf3 15. Bxf3 Nxc2 {½-½ (53) Trofimov,S (2275)-Sedov,D (2295) Simferopol 1996}) 11. h3 Nh6 12. b3 (12. exf5 $16 Nxf5 13. fxe5) 12... Re8 (12... Nd7 $11 {keeps the balance.}) 13. fxe5 (13. g4 $5 {with more complications.} fxg4 14. f5 Nd7 15. Qg3 gxf5 16. exf5 Nf6 17. Bxh6 Bxh6 18. Qh4) 13... dxe5 14. Bxh6 Bxh6 15. exf5 gxf5 $2 {[#]} ({Black should play} 15... Bxf5 $14 16. g4 Be6) 16. g4 $1 $36 {[%cal Rg4f5][%mdl 2560] White is in control.} fxg4 $2 (16... Qd8 17. gxf5 Rf8 18. Qg3+ Kh8) 17. Qh4 {White is clearly winning.} Qe3 18. Ne4 {And now Nf6+ would win.} ({Not} 18. hxg4 Qg5 19. Qh2 (19. Qf2 Kh8 $14) 19... Bg7 $18) 18... Nd7 19. N2g3 Rf8 1-0

[Event "KAZ-ch Men 2017"]
[Site "Almaty"]
[Date "2017.04.21"]
[Round "11"]
[White "Dinara, Saduakassova"]
[Black "Denis, Makhnyov"]
[Result "1-0"]
[WhiteElo "2449"]
[BlackElo "2379"]
[Annotator "TA"]
[PlyCount "51"]
[EventDate "2017.??.??"]
[EventType "tourn"]
[EventCountry "KAZ"]
[SourceTitle "playchess.com"]
[Source "ChessBase"]
[SourceQuality "1"]

{[%evp 11,51,27,47,15,26,11,25,12,19,16,11,0,0,0,0,0,0,0,0,0,3,0,0,7,9,0,0,0,0,-12,19,63,280,277,390,395,396,308,655,647,718,718]} 1. d4 d5 2. c4 dxc4 3. Nf3 Nf6 4. e3 Bg4 5. Bxc4 e6 6. O-O Nbd7 7. b3 {D25: Queen's Gambit Accepted: 4 e3: sidelines and 4...Bg4} Be7 8. Bb2 O-O 9. Nbd2 {White has an edge.} c5 10. dxc5 $146 (10. h3 Bh5 11. Be2 Rc8 12. dxc5 Nxc5 13. Nc4 Qxd1 14. Rfxd1 {½-½ (14) Gonzalez Perez,A (2468)-Vazquez Igarza,R (2566) San Sebastian 2012}) 10... Nxc5 11. Qe2 a6 {[#] Threatens to win with ...b5.} 12. a4 Rc8 13. Rfd1 Qb6 14. a5 Qc7 15. h3 Bh5 16. g4 $36 {[%mdl 2048] White is pushing.} Bg6 17. Ne5 Rfd8 18. Bd4 Nd5 19. Nxg6 hxg6 20. Rdc1 Nf4 21. Qf3 {b4 is the strong threat.} Bf6 $2 {[#]} (21... Qb8 $1 $14) 22. Bxf6 $18 Rxd2 (22... gxf6 $142 23. Nf1 (23. Qxf4 Rxd2 24. Bf1 Qxf4 25. exf4 Rdd8 $11) 23... Nxh3+ 24. Qxh3 Qe5) 23. Bc3 ({Inferior is} 23. Qxf4 gxf6 24. Bf1 Qxf4 25. exf4 Rdd8 $11) ({Not} 23. exf4 gxf6 24. f5 Kg7 $16) 23... Nxb3 24. Bxd2 ({Resist} 24. Qxf4 Qxf4 25. exf4 Rxc4 26. Bxd2 Nxd2 27. Rxc4 Nxc4 $18) 24... Nxh3+ $2 (24... Nxd2 25. Qxf4 Qxf4 26. exf4 Rxc4 27. Rxc4 Nxc4) 25. Qxh3 Nxd2 26. Be2 1-0

[Event "KAZ-ch Men 2017"]
[Site "Almaty"]
[Date "2017.04.21"]
[Round "11"]
[White "Zhandos, Agmanov"]
[Black "Kirill, Kuderinov"]
[Result "1-0"]
[WhiteElo "2377"]
[BlackElo "2482"]
[Annotator "TA"]
[PlyCount "36"]
[EventDate "2017.??.??"]
[EventType "tourn"]
[EventCountry "KAZ"]
[SourceTitle "playchess.com"]
[Source "ChessBase"]
[SourceQuality "1"]

{[%evp 0,1,28,19]} 1. e4 {[%mdl 32768] Loss on Time!?} e5 $146 2. Nf3 Nc6 3. Bb5 Nf6 4. O-O Nxe4 5. d4 Nd6 6. Bxc6 dxc6 7. dxe5 Nf5 8. Qxd8+ Kxd8 9. h3 Ke8 10. Nc3 h5 11. Bg5 Be6 12. Rad1 Be7 13. b3 h4 14. Rfe1 a5 15. Rd3 Rd8 16. Rxd8+ Kxd8 17. Ne2 Bd5 18. Bxe7+ Kxe7 {½-½ (49) So,W (2822)-Caruana,F (2817) Saint Louis 2017} 1-0

[Event "KAZ-ch Men 2017"]
[Site "Almaty"]
[Date "2017.04.21"]
[Round "11"]
[White "Ayan, Akhmetov"]
[Black "Anuar, Ismagambetov"]
[Result "1/2-1/2"]
[WhiteElo "2311"]
[BlackElo "2545"]
[Annotator "TA"]
[PlyCount "34"]
[EventDate "2017.??.??"]
[EventType "tourn"]
[EventCountry "KAZ"]
[SourceTitle "playchess.com"]
[Source "ChessBase"]
[SourceQuality "1"]

{[%evp 21,34,4,29,16,25,17,27,27,27,28,25,32,46,45,91]} 1. d4 Nf6 2. Nf3 g6 3. Bf4 Bg7 4. e3 O-O 5. h3 d6 6. Be2 Nbd7 7. O-O c5 8. c3 b6 9. Bh2 Bb7 10. Nbd2 a6 11. a4 Bc6 12. Re1 {A48: 1 d4 Nf6 2 Nf3 g6: Torre, London and Colle Systems} (12. b4 Nd5 13. Qb3 e5 14. b5 axb5 15. axb5 Bb7 16. Nc4 Qe7 17. dxe5 dxe5 18. Nfd2 Qe6 19. Bf3 e4 20. Bxe4 Bxc3 21. Rxa8 Bxa8 {0-1 (54) Gorozhanin,M (2408)-Romanov,E (2644) chess.com INT 2017}) 12... Qc8 13. Bf1 $146 (13. Bd3 d5 14. e4 dxe4 15. Nxe4 Nxe4 16. Bxe4 Bxe4 17. Rxe4 e6 18. Re2 Qc6 19. Ne5 Nxe5 20. dxe5 {½-½ (41) Igonin,P-Hoffmeyer,F (2223) Germany 2004}) 13... Ne4 14. Nxe4 Bxe4 15. Ng5 Bb7 16. e4 h6 17. Nf3 Qc6 1/2-1/2